Widok standardowy
Widok MARC
Pozycja Personal Name
Liczba rekordów, w których użyto hasła: 1
001 - Numer kontrolny
- control field: 40845
003 - Identyfikator numeru kontrolnego
- control field: NUKAT
005 - Data i czas ostatniej modyfikacji
- control field: 20260429111003.0
008 - Dane kontrolne kodowane (40 znaków)
- fixed length control field: 050119n||azznnbabn |a aaa |
010 ## - Numer kontrolny Biblioteki Kongresu
- numer kontrolny LC: p 2004438004
035 ## - Numer systemowy
- numer systemowy: a1645828x
040 ## - Instytucja sporządzająca rekord
- inst. przygot. dane do rek. khw: WA N/IBmw
- język haseł przedmiotowych/tezaurus: DBN
- inst. wprow. rek. khw: WA N/IBjk
100 1# - Hasło - nazwa osobowa
- nazwa osobowa w formie ujednoliconej: Raczkiewicz, Władysław
- daty biograficzne: (1885-1947)
670 ## - Źródło informacji
- źródło informacji: Kwestjonarjusz do historji Związków Polaków Wojskowych w Rosji 1917 - 1918 r. / zestawił i uwagami opatrzył Zygmunt Borawski. - Warszawa, 1928.
670 ## - Źródło informacji
- źródło informacji: http://encyklopedia.pwn.pl - 23.09.2004
670 ## - Źródło informacji
- źródło informacji: NL PWN